00335nam a2200133Ia 45000030006000000080041000060400015000471000010000622450056000722500010001282600034001385460012001720050017001840STCL150530s9999 xx 000 0 und d aSTCLcSTCL aBurke aSelections with essays by Hazlitt Arnold and others aFirst bOxford University pressc1952 aEnglish20220125171139.0